000
00349nam a2200145Ia 4500
008
240409s9999 xx 000 0 und d
020
_a
9.7893553217e+12
082
_b
LAX - P
100
_a
LAXMIKANTH M
245
0
_a
PUBLIC ADMINISTRATION
250
_a
2
260
_a
CHENNAI
_b
MC GRAW HILL PUBLICATION
_c
2023
300
_a
MTP4.15
942
_c
BK
999
_c
44420
_d
44420